000 00943cab a2200229 4500
001 ABS44063
008 090401t1991 xxu||||| |||| 00| 0 eng d
035 _a(Sirsi) u45170
041 _aeng
100 _aPertee, C.
245 _aHazards in retention of facades and refurbishment - technical and structural considerations
260 _c1991
350 _a0
490 _aArchitect and Surveyor
_v66(1) February 1991, 10-12(3)
520 _aThis paper discusses, with reference to case studies, the problems associated wtih refurbishment and facade retention work relating to historic buildings . Appendices include a checklist for those survey ing or inspecting historic structures, and a list of publications relevant to refurbishment and facade retention.
650 _aBUILT ENVIRONMENT-BUILDING INSPECTION
650 _aDEMOLITION
650 _aSAFETY
690 _aRefurbishment
_96264
942 _n0
948 _c04/03/1997
999 _c28712
_d28712